| 000 | 00483nam a2200181Ia 4500 | ||
|---|---|---|---|
| 005 | 20250508162611.0 | ||
| 008 | 008 250505s9999 xx 000 0 eng d | ||
| 037 | _aTextual | ||
| 040 |
_aFEDL _beng _cFEDL |
||
| 041 |
_aeng _2eng |
||
| 084 |
_a418, COR _qFEDL |
||
| 100 | _aCorder S Pit | ||
| 245 | 0 | _aIntroducing applied linguistics | |
| 260 |
_aHarmondsworth _bPenguin Book Ltd _c1982 |
||
| 300 | _a392p. | ||
| 942 |
_cTEXL _h418, COR |
||
| 999 |
_c1377565 _d1377565 |
||